000 00720cam a22001934a 4500
005 20250605164118.0
008 250528s ||||||||||||||||||||||||d
035 _a18158
020 _a393960099
040 _aGR-AtMCL
_bgre
_dGR-AtMCL
_eAACR2
245 1 _aOh My! Modula-2! / An Introduction to Programming
260 _bW.W. Norton & Company,
_c1990
300 _a754
520 _aPreface, What are Computers, A Few Preliminaries, Changing Values, The FOR Statement, The IF Statement, The LOOP Statemet, The ARRAY Type, The RECORD Type, The Pointer Types, Files, The SET Type, Bits and Bites, Details High and Low, Index.
700 1 _aCooper Doug
_94449
942 _cBK
999 _c3539
_d3539